Squadre state in Serie A almeno 30 stagioni - Statistics

Statistiche generali
  • Questo quiz è stato fatto 107 volte
  • Il punteggio medio è 15 su 17
Statistiche sulle risposte
Stagioni in Serie A Ultima stagione in Serie A Squadra % Corretto
94 2025-2026 Inter
100%
93 2025-2026 Juventus
100%
92 2025-2026 Milan
100%
93 2025-2026 Roma
100%
88 2025-2026 Fiorentina
98%
83 2025-2026 Lazio
98%
82 2025-2026 Torino
98%
80 2025-2026 Napoli
95%
79 2025-2026 Bologna
94%
66 2022-2023 Sampdoria
94%
53 2025-2026 Udinese
94%
58 2025-2026 Genoa
93%
65 2025-2026 Atalanta
90%
45 2025-2026 Cagliari
84%
35 2025-2026 Verona
76%
30 2010-2011 Bari
67%
30 2000-2001 L.R. Vicenza
4%
Nessun quiz corrispondente trovato
Distribuzione punteggi
Percentuale di utenti per punteggio
Percentile per numero di risposta
I tuoi punteggi nel tempo
Non hai fatto questo quiz